00668nam a2200229 a 4500001001300000003000900013005001700022008004100039020002300080082001500103100002000118245003000138260003500168300000900203500003500212505002200247650002100269902000800290942000700298952011600305999001700421nice12345678IN_TiNIC20260116014510.0090109s2004 dela grp 000 0 eng  a8178241064 c39500a306.4bRAO aRao, Vijayendra aCulture and Public Action aDelhi bPermanent Black c2004 a442p aincludes index and biblioraphy2 areferences, index aCulture Conflict bSRS cBK 001040708StackRoom-aHMIbHMId2009-01-09g395.00l0o306.4 RAOp022586r2009-01-09v395.00w2009-01-09yBK c15641d15641